Комплексное адаптивное лидерство в управлении проектами как ответ на вызовы локализационной отрасли; Молодежь и управление проектами в России: новые горизонты проектного менеджмента

Detalles Bibliográficos
Parent link:Молодежь и управление проектами в России: новые горизонты проектного менеджмента.— 2015.— С. 29-55
Autor Principal: Сиразитдинова Ю. Ш. Юлия Шамильевна
Autor Corporativo: Национальный исследовательский Томский политехнический университет (ТПУ) Институт социально-гуманитарных технологий (ИСГТ) Кафедра инженерного предпринимательства (ИП)
Outros autores: Ташкун Е. С. Евгения Сергеевна
Summary:В фонде НТБ ТПУ отсутствует
Idioma:ruso
Publicado: 2015
Subjects:
Formato: MixedMaterials Capítulo de libro
KOHA link:https://koha.lib.tpu.ru/cgi-bin/koha/opac-detail.pl?biblionumber=602505

MARC

LEADER 00000naa0a2200000 4500
001 602505
005 20250909175534.0
035 |a (RuTPU)RU\TPU\tpu\28373 
090 |a 602505 
100 |a 20160510d2015 k y0rusy50 ca 
101 0 |a rus 
102 |a RU 
200 1 |a Комплексное адаптивное лидерство в управлении проектами как ответ на вызовы локализационной отрасли  |f Ю. Ш. Сиразитдинова, Е. С. Ташкун 
333 |a В фонде НТБ ТПУ отсутствует 
463 1 |t Молодежь и управление проектами в России: новые горизонты проектного менеджмента  |o сборник научных трудов IV Международной молодежной научно-практической конференции, [Москва, 29-30 мая 2014]  |v С. 29-55  |d 2015 
610 1 |a труды учёных ТПУ 
700 1 |a Сиразитдинова  |b Ю. Ш.  |c специалист в области менеджмента  |c ассистент кафедры Томского политехнического университета  |f 1987-  |g Юлия Шамильевна  |3 (RuTPU)RU\TPU\pers\31907 
701 1 |a Ташкун  |b Е. С.  |g Евгения Сергеевна 
712 0 2 |a Национальный исследовательский Томский политехнический университет (ТПУ)  |b Институт социально-гуманитарных технологий (ИСГТ)  |b Кафедра инженерного предпринимательства (ИП)  |3 (RuTPU)RU\TPU\col\18857 
801 1 |a RU  |b 63413507  |c 20160510 
801 2 |a RU  |b 63413507  |c 20160510  |g RCR 
942 |c BK